Money banking, and the economy

Gorde:
Xehetasun bibliografikoak
Egile nagusia: Cochran, John A.
Formatua: Liburua
Hizkuntza:Undetermined
Argitaratua: New York MacMillan Publishing Co. Inc. 1983
Gaiak:
Etiketak: Etiketa erantsi
Etiketarik gabe, Izan zaitez lehena erregistro honi etiketa jartzen!
Thư viện lưu trữ: Trung tâm Học liệu Trường Đại học Cần Thơ
LEADER 00490nam a2200169Ia 4500
001 CTU_79181
008 210402s9999 xx 000 0 und d
082 |a 332.0973 
082 |b C663 
100 |a Cochran, John A. 
245 0 |a Money banking, and the economy 
245 0 |c John A. Cochran 
260 |a New York 
260 |b MacMillan Publishing Co. Inc. 
260 |c 1983 
650 |a Banks and banking,Monetary policy,Money 
980 |a Trung tâm Học liệu Trường Đại học Cần Thơ